| 000 | 00569nam a2200181 4500 | ||
|---|---|---|---|
| 001 | 148601 | ||
| 003 | ES-MaACL | ||
| 005 | 20230906202725.0 | ||
| 007 | t| | ||
| 008 | 070214s1979 sp r ||||1| spa d | ||
| 100 | 1 |
_aStryer, Lubert. _9108481 |
|
| 245 | 1 | 0 |
_aBioquímica / _cLubert Stryer ; [versión Manuel Rosell Pérez]. |
| 250 | _aEd. rev. y corr. | ||
| 260 |
_aBarcelona [etc.] : _bReverté, _c[1979] ( _eMadrid : _fMateu-Cromo) |
||
| 300 |
_aXII, 876 p. : _bil. ; _c25 cm. |
||
| 700 | 1 |
_aRossell Pérez, Manuel. _999838 |
|
| 852 |
_aES-MaACL _jL-1794 _bR.102764 |
||
| 999 |
_c148601 _d148601 |
||